[Event "Chess.com Isle of Man Open - Masters"]
[Site "Douglas (Isle of Man)"]
[Date "2017.09.23"]
[Round "1.58"]
[White "Pranav, Anand"]
[Black "Visakh, N R."]
[Result "0-1"]
[WhiteElo "2106"]
[BlackElo "2458"]
[PlyCount "120"]
[EventDate "2017.09.23"]

1. d4 Nf6 2. c4 e6 3. Nc3 Bb4 4. e3 O-O 5. Nge2 d5 6. a3 Be7 7. cxd5 exd5 8.
Nf4 a5 9. Bd3 c6 10. O-O Na6 11. b3 Nc7 12. Bb2 Ne6 13. Nxe6 Bxe6 14. h3 Bd6
15. f4 Re8 16. Qc2 Qe7 17. Rf3 b5 18. g4 Bd7 19. Bf1 h6 20. a4 b4 21. Ne2 Ne4
22. Ng3 Qh4 23. Nxe4 Rxe4 24. Bd3 Re7 25. Bf5 Bxf5 26. Qxf5 Rae8 27. Qd3 g5 28.
Raf1 gxf4 29. exf4 Bxf4 30. Qf5 Be3+ 31. Kh1 Bg5 32. Ba1 Kg7 33. Qc2 Kg8 34.
Qf5 Rf8 35. Bb2 Rd8 36. Bc1 Bxc1 37. Rxc1 Rd6 38. Rcf1 Rde6 39. R1f2 Qg5 40.
Qxg5+ hxg5 41. Rf5 Re3 42. Rxg5+ Kf8 43. Rg6 Rc7 44. Kg2 Rxb3 45. h4 Rb2 46.
Rxb2 fxg6 47. Rc2 b3 48. Rb2 Rb7 49. Kf3 Ke7 50. Kf4 Kd6 51. Kg5 c5 52. dxc5+
Kxc5 53. Kxg6 Kc4 54. h5 Kc3 55. Rb1 d4 56. h6 d3 57. h7 Rxh7 58. Kxh7 d2 59.
g5 Kc2 60. Rxb3 Kxb3 0-1

[Event "Chess.com Isle of Man Open - Masters"]
[Site "Douglas (Isle of Man)"]
[Date "2017.09.23"]
[Round "1.59"]
[White "Paehtz, Elisabeth"]
[Black "Raja, Harshit"]
[Result "1/2-1/2"]
[WhiteElo "2453"]
[BlackElo "2423"]
[PlyCount "80"]
[EventDate "2017.09.23"]

1. e4 c5 2. Nf3 d6 3. d4 cxd4 4. Nxd4 Nf6 5. Nc3 a6 6. Be2 e5 7. Nf3 Be7 8. Bg5
Be6 9. Bxf6 Bxf6 10. O-O Be7 11. Nd5 Nd7 12. Bc4 O-O 13. Qe2 Rc8 14. Rfd1 Nb6
15. Nxb6 Qxb6 16. Bb3 a5 17. c3 Rc5 18. Bxe6 fxe6 19. Ne1 a4 20. Nd3 Rcc8 21.
Rac1 Qb5 22. Rc2 Qc4 23. Nc1 b5 24. b3 Qxe2 25. Nxe2 axb3 26. axb3 Ra8 27. g3
Ra3 28. Rb2 b4 29. Rd3 bxc3 30. Nxc3 Rb8 31. Nb1 Ra5 32. Kg2 d5 33. exd5 e4 34.
Rd1 exd5 35. Nd2 Bg5 36. Rc2 Bxd2 37. Rcxd2 Rxb3 38. Rxd5 Rxd5 39. Rxd5 e3 40.
fxe3 Rxe3 1/2-1/2

[Event "Chess.com Isle of Man Open - Masters"]
[Site "Douglas (Isle of Man)"]
[Date "2017.09.23"]
[Round "1.60"]
[White "Enkhtuul, Altan-Ulzii"]
[Black "Swayams, Mishra"]
[Result "1-0"]
[WhiteElo "2327"]
[BlackElo "2444"]
[PlyCount "157"]
[EventDate "2017.09.23"]

1. d4 Nf6 2. Nf3 g6 3. Bf4 Bg7 4. e3 O-O 5. Nbd2 d6 6. Be2 Nbd7 7. c3 b6 8. h3
Bb7 9. O-O Re8 10. Bh2 e5 11. Nc4 e4 12. Nfd2 Qe7 13. a4 a5 14. b4 Nd5 15. Qb3
Bc6 16. Nb2 Qg5 17. b5 Bb7 18. Nd1 Kh8 19. Ra2 f5 20. f4 Qh4 21. Rf2 Rf8 22.
Nf1 Rae8 23. Rd2 N7f6 24. c4 Nb4 25. Nc3 Nd7 26. Na2 Nxa2 27. Qxa2 Qe7 28. g4
h6 29. Rg2 Rg8 30. Bd1 Bf6 31. Bb3 Rg7 32. gxf5 gxf5 33. Ng3 Rf8 34. Nxf5 Rxg2+
35. Rxg2 Qe6 36. Nxh6 Bxd4 37. Ng4 Bc5 38. Qa1+ Nf6 39. f5 Qf7 40. Bf4 Kh7 41.
Nxf6+ Qxf6 42. Qd1 Qh4 43. Bg5 Bxe3+ 44. Bxe3 Rxf5 45. Bf2 Qxh3 46. Qd4 Qh6 47.
c5 Rg5 48. c6 Rxg2+ 49. Kxg2 Qg6+ 50. Bg3 Bc8 51. Qd5 Bg4 52. Bc4 Kh8 53. Qd4+
Kh7 54. Qd5 Kh8 55. Qf7 Bf3+ 56. Kf2 Qg5 57. Qd5 Qg7 58. Qd2 Kh7 59. Bf1 Qf6
60. Bf4 Kg6 61. Kg1 Qg7 62. Qd5 Kf6+ 63. Kf2 Qg4 64. Qd4+ Kg6 65. Bxd6 cxd6 66.
Qxd6+ Kg5 67. c7 e3+ 68. Kxe3 Qg1+ 69. Kxf3 Qxf1+ 70. Ke4 Qc4+ 71. Ke5 Kh5 72.
Qc6 Qe2+ 73. Kd6 Qh2+ 74. Kd7 Qh3+ 75. Qe6 Qd3+ 76. Ke8 Qc3 77. c8=Q Qh8+ 78.
Ke7 Qf6+ 79. Kxf6 1-0

[Event "Chess.com Isle of Man Open - Masters"]
[Site "Douglas (Isle of Man)"]
[Date "2017.09.23"]
[Round "1.61"]
[White "Yankelevich, Lev"]
[Black "Zahn, Alina"]
[Result "1-0"]
[WhiteElo "2443"]
[BlackElo "2025"]
[PlyCount "73"]
[EventDate "2017.09.23"]

1. Nf3 d5 2. c4 e6 3. g3 Nf6 4. Bg2 Be7 5. d4 O-O 6. O-O dxc4 7. Qc2 a6 8. a4
Bd7 9. Rd1 Bc6 10. Bg5 Nbd7 11. Nbd2 Nd5 12. Bxe7 Qxe7 13. Nxc4 Nb4 14. Qc3 a5
15. Rdc1 Rfc8 16. Bf1 Bd5 17. Nfd2 c5 18. e4 Bc6 19. dxc5 Qxc5 20. Nb3 Qe7 21.
Qe3 b6 22. Nd4 Rab8 23. Rd1 Ba8 24. f3 Nc5 25. b3 Rd8 26. Rac1 Qb7 27. Nb5 Rxd1
28. Rxd1 Qe7 29. Rd6 h6 30. Nxb6 Nca6 31. Nc4 Qf6 32. Nxa5 Rc8 33. Nc4 Nc5 34.
Nb6 Nxe4 35. Nxc8 Nxd6 36. Ncxd6 Bxf3 37. Qf4 1-0

[Event "Chess.com Isle of Man Open - Masters"]
[Site "Douglas (Isle of Man)"]
[Date "2017.09.23"]
[Round "1.62"]
[White "Vignesh, B."]
[Black "Gaponenko, Inna"]
[Result "0-1"]
[WhiteElo "2260"]
[BlackElo "2437"]
[PlyCount "64"]
[EventDate "2017.09.23"]

1. e4 c5 2. Nf3 Nc6 3. d4 cxd4 4. Nxd4 Nf6 5. Nc3 d6 6. Be2 g6 7. Be3 Bg7 8.
Nb3 O-O 9. g4 Be6 10. f4 d5 11. f5 Bc8 12. exd5 Nb4 13. Bf3 gxf5 14. a3 fxg4
15. axb4 gxf3 16. h3 Bf5 17. Nd4 Bg6 18. Qxf3 Qd7 19. Rg1 Rfc8 20. O-O-O a5 21.
bxa5 Rxa5 22. Nb3 Rxc3 23. bxc3 Ra2 24. Rxg6 hxg6 25. Bd4 Qa4 26. Kb1 Qa3 27.
c4 Ne4 28. Qxe4 Rb2+ 29. Kc1 Bh6+ 30. Rd2 Rxb3+ 31. Kd1 Rb1+ 32. Ke2 Qc1 0-1

[Event "Chess.com Isle of Man Open - Masters"]
[Site "Douglas (Isle of Man)"]
[Date "2017.09.23"]
[Round "1.64"]
[White "Rakesh, Kumar Jena"]
[Black "Woellermann, Jan"]
[Result "0-1"]
[WhiteElo "2418"]
[BlackElo "2384"]
[PlyCount "56"]
[EventDate "2017.09.23"]

1. Nf3 d5 2. g3 g6 3. Bg2 Bg7 4. O-O e5 5. c4 c6 6. cxd5 cxd5 7. Qa4+ Nc6 8. d4
e4 9. Ne5 Nge7 10. Bg5 Qa5 11. Qxa5 Nxa5 12. Bxe7 Kxe7 13. Nc3 Be6 14. f3 f6
15. Ng4 f5 16. Ne5 Bxe5 17. dxe5 Nc4 18. f4 a6 19. Rfc1 Rac8 20. b3 Ne3 21. Kf2
d4 22. Na4 Nc2 23. Rab1 Rc6 24. Rb2 Rhc8 25. Nb6 R8c7 26. Nc4 Na3 27. Rd1 Nxc4
28. bxc4 Rxc4 0-1

[Event "Chess.com Isle of Man Open - Masters"]
[Site "Douglas (Isle of Man)"]
[Date "2017.09.23"]
[Round "1.65"]
[White "Nahnsen, Kenneth"]
[Black "Degtiarev, Evgeny"]
[Result "0-1"]
[WhiteElo "2011"]
[BlackElo "2412"]
[PlyCount "48"]
[EventDate "2017.09.23"]

1. c3 Nf6 2. d3 e5 3. Nd2 Nc6 4. Ngf3 d5 5. e4 Bc5 6. Be2 dxe4 7. dxe4 O-O 8.
Qc2 Nh5 9. b4 Bb6 10. b5 Nf4 11. Bf1 Na5 12. Nb3 Qf6 13. Be3 Bg4 14. Nfd2 Bxe3
15. fxe3 Nh3 16. Nc4 Nxc4 17. Bxc4 Qh4+ 18. Kf1 Qf6+ 19. Ke1 Qh4+ 20. Kf1 Ng5
21. Bd5 Rad8 22. Bxb7 Rd6 23. Kg1 Nh3+ 24. gxh3 Bxh3 0-1